Arctic Monkeys Lyrics - Too Much To Ask - Statistics

General Stats
  • This quiz has been taken 94 times
  • The average score is 156 of 200
Answer Stats
Lyrics % Correct
a
100%
as
100%
As
100%
I
100%
The
100%
the
100%
to
98%
To
98%
too
98%
in
96%
It
96%
it
96%
it"
96%
be
94%
be,
94%
me-"
94%
me
94%
me,
94%
much
94%
she
94%
She
94%
ask?
90%
is
90%
Is
90%
room
90%
that
90%
we
90%
love
88%
no
88%
smiles
88%
would
88%
Would
88%
it's
86%
It's
86%
walked
86%
you
86%
for
84%
go
84%
Have
84%
kiss
84%
Am
82%
and
82%
And
82%
And,
82%
assume
82%
did
82%
if
82%
"If
82%
I'm
82%
quick
82%
there
82%
they
82%
We're
82%
we're
82%
all
80%
bloom?
80%
frowns
80%
into
80%
longer
80%
what
80%
before,
78%
before
78%
like
78%
loved
78%
more
78%
turned
78%
When
78%
different
76%
said,
76%
say
76%
tune
76%
very
76%
not
75%
or
75%
Or
75%
felt
73%
her
73%
of
73%
on
73%
outrageous
73%
play
73%
can't
71%
dressed
71%
has
71%
are
69%
decided
69%
eyes
69%
oh,
69%
Whether
69%
whether
69%
you're
69%
back
67%
either
67%
good
67%
interrupted,
67%
raining,
67%
reason
67%
still
67%
there's
67%
at
65%
But
65%
doesn't
65%
happiest
65%
hit
65%
how
65%
shagging?
65%
shouting
65%
something
65%
sound
65%
stop
65%
that's
65%
around
63%
chest
63%
curtain
63%
just
63%
pity
63%
product
63%
tears
63%
uncertain
63%
yesterday
63%
awake
61%
fit
61%
touching
61%
ending
59%
least
59%
stare
59%
asleep
57%
head's
57%
mystery
57%
squabble
57%
getting
55%
Now
55%
received
55%
red
55%
scowl
55%
shut
55%
frozen
53%
heavier
53%
"See
53%
tantrums
53%
thermos
53%
flask
49%
pitch
49%
fits
47%
raw
47%
sobbed
47%
Sunday's
47%
tempestuous
43%
bays
31%
Docked
27%
No matching quizzes found
Score Distribution
Percent of People with Each Score
Percentile by Number Answered
Your Score History
You have not taken this quiz